000 06517cam a22018734i 4500
003 PE-LiUPU
005 20250813165730.0
008 150706s2008 pe r 000 0 spa d
020 _a6034012880
020 _a9786034012882
035 _a(Sirsi) i9786034012882
040 _aPE-LiUPU
_bspa
_cPE-LiUPU
_dPE-LiUPU
_erda
049 _aPRUA
082 0 4 _a658.4092
_bMAC
_221
100 1 _aCornejo y Rosado, Miguel Ángel,
_d1946-2015,
_eautor.
245 1 3 _aEl poder de los valores /
_cMiguel Ángel Cornejo y Rosado.
250 _aPrimera edición.
264 1 _aLima :
_bProducciones Cantabria,
_c2008.
300 _a96 páginas ;
_c21 centímetros.
336 _atext
_2rdacontent
337 _aunmediated
_2rdamedia
338 _avolume
_2rdacarrier
490 0 _aColección Miguel Angel Cornejo. Trome ;
_v9
505 0 _aCosto-beneficio de la moral -- Ahora -- El bien -- Cristales en la playa -- La verdad -- La belleza -- El ser -- Violín -- El espejo -- El derecho a la libertad -- Líder del tercer milenio -- Líder -- Primer requisito: ¿por qué el líder debe ser un soñador -- Segundo requisito: ¿los líderes deben poseer valores? -- Tercer requisito: ¿con quién se debe comprometer el líder? -- Cuarto requisito: motivador -- Quinto requisito: comunicador -- Sexto requisito: enseñador -- Séptimo requisito: realizador -- Octavo requisito: invencible -- Noveno requisito: desequilibrado -- Decimo y último requisito: audacia -- Audacia -- Arriesgarse en la vida por alcanzar lo que deseamos -- Trenes y ovejas -- Desarrollar apasionadamente todas las potencialidades que poseemos -- El genio de la sabiduría -- Tener el valor de seguir nuestro llamado interior para realizar plenamente nuestra vocación -- Ser optimista, formar parte de la resistencia que forman los seres extraordinarios, quienes logran construir y avanzar -- Lanzarse sin pensar -- Soñar con los ojos abiertos y luchar hasta convertir nuestras fantasías en realidad -- Trabajar incansablemente para alcanzar las recompensas que deseamos -- Hacer uso de nuestra propia libertad, asumiendo dignamente las consecuencias -- Gracias a los invencibles -- Estrella de la libertad -- Amar sin condiciones, ofreciendo lo más valioso que poseemos a los seres que amamos -- Amor incondicional -- Tener el valor de decir sinceramente "te amo" y humildemente pedir perdón cuando ofendemos -- El rabino -- Lanzarse a triunfar con tal perspectiva hasta llegar a la cima -- Todas las fuerzas -- Triunfar es atreverse a intentarlo. Solamente nos falta por lograr lo que no hemos intentado -- Atreverse es la búsqueda del bien, dejando una estela de generosidad a nuestro paso -- Vivir buscando la belleza, enriqueciendo a los demás, a nosotros mismos y a la creación -- Vivir la verdad, agregando valor a nuestras accione y a nuestra propia excelencia, combatiendo la mentira y la corrupción -- Cumplir una misión, apostando nuestra existencia por servir a nuestros ideales, luchando día a día por lograr un mundo más humano y maravilloso -- Más allá del deber -- Ser un idealista que viva su sueño -- Atreverse.
526 _aP203
526 _aP200
526 _aSEG65
526 _aSEG64
526 _aSEG63
526 _aSEG62
526 _aSEG61
526 _aSEG60
526 _aSEG59
526 _aSEG58
526 _aSEG57
526 _aSEG56
526 _aSEG55
526 _aSEG54
526 _aSEG53
526 _aSEG52
526 _aSEG51
526 _aSEG50
526 _aSEG49
526 _aSEG48
526 _aSEG47
526 _aSEG46
526 _aSEG24
526 _aSEG23
526 _aSEG22
526 _aSEG21
526 _aSEG20
526 _aSEG19
526 _aSEG18
526 _aSEG17
526 _aSEG16
526 _aSEG14
526 _aSEG13
526 _aSEG12
526 _aSEG11
526 _aSEG10
526 _aSEG09
526 _aSEG06
526 _aSEG05
526 _aSEG04
526 _aSEG03
526 _aSEG02
526 _aSEG68
526 _aSEG66
526 _aSEG45
526 _aSEG25
526 _aSEG01
526 _aP163
526 _aP162
526 _aP161
526 _aP160
526 _aP159
526 _aP158
526 _aP157
526 _aP156
526 _aP155
526 _aP154
526 _aP153
526 _aP152
526 _aP151
526 _aP150
526 _aP149
526 _aP142
526 _aP141
526 _aP140
526 _aP139
526 _aP138
526 _aP137
526 _aP132
526 _aP131
526 _aP130
526 _aP126
526 _aP125
526 _aP124
526 _aP123
526 _aP115
526 _aP122
526 _aP121
526 _aP116
526 _a P114
526 _aP112
526 _aP111
526 _aP104
526 _aP103
526 _aP102
526 _aP101
526 _aP100
526 _aP96
526 _aP95
526 _aP93
526 _aP92
526 _aP91
526 _aP88
526 _aP83
526 _aP82
526 _aP79
526 _aP78
526 _aP75
526 _aP74
526 _aP71
526 _aP69
526 _a P51
526 _aP49
526 _aP48
526 _aP47
526 _aP33
526 _aP31
526 _a P30
526 _aP29
526 _aP27
526 _aP26
526 _aP25
526 _aP24
526 _a P22
526 _aP10
526 _aP09
526 _a P08
526 _aP06
526 _aP05
526 _aP04
526 _aP01
541 _g000318;
650 0 4 _aAutorrealización (Psicología).
650 0 4 _aExito.
_91682
650 0 4 _aAutorealización (psicología)
650 0 4 _aConducta de vida
_xConsejos, reflexiones, etc.
650 0 4 _aLiderazgo.
650 0 4 _aValores sociales
_xConsejos, reflexiones, etc.
910 _cng
_d20090326
942 _2ddc
_cBOOK
949 _a658.4092 MAC 9
_wDEWEY
_c1
_i59494
_lCCODEBUL1
_mBUL
_p6.00
_r0
_sY
_tBOOK
_u2015-7-6
_xFCE
_zUNKNOWN
_0COMPRA
_o.STAFF. Colección Ciencias Empresariales
994 _aC0
_bPEPRU
596 _a1
999 _a658.4092 MAC 9
_wDEWEY
_c49057
_i59494
_d49057
_e2022-6-23
_f2021-11-8
_g6
_lCCODEBUL1
_mBUL
_n1
_p6.00
_q1
_r0
_sY
_tBOOK
_u2015-7-6
_xFCE
_zUNKNOWN
_0COMPRA
_o.STAFF. Colección Ciencias Empresariales
980 _81
_gALBERTO SANCHEZ Responsable de Automatización